| 000 | 00405 a2200157 4500 | ||
|---|---|---|---|
| 020 | _a8175151226 | ||
| 082 | _a004.67 | ||
| 090 |
_c3419 _d3419 |
||
| 100 | _aTiwana,Amrit Bir. | ||
| 245 |
_aA Practical Guide to the Internet _cAmrit Bir Tiwana |
||
| 250 | _a1st | ||
| 260 |
_aNew Delhi _bGalgotia Publications pvt.ltd. _c1997 |
||
| 300 | _a271p | ||
| 500 | _aPaper cover | ||
| 942 |
_aNBS _cBK _k004.67 TWI |
||
| 999 |
_c345898 _d345898 |
||